000 00474cam a22002051 4500
001 sa 64002816
003 DLC
005 20260227112012.0
008 881028s1962 xx 000 0 beno
010 _asa 64002816
035 _a(OCoLC)23538160
040 _aDLC
_cMiU
_dDLC
042 _apremarc
050 0 0 _aPK1718.B5
_bS8
100 1 _aBhattacharya, Surendra Mohan.
245 1 0 _aStrī.
260 _c[1962?]
300 _a127 p.
_c23 cm.
500 _aRomanized.
999 _c57522
_d57522